书目信息 |
| 题名: |
市场营销案例分析
|
|
| 作者: | 封展旗 , 黄保海 主编 | |
| 分册: | ||
| 出版信息: | 北京 中国电力出版社 2008.01 |
|
| 页数: | 255页 | |
| 开本: | 26cm | |
| 丛书名: | ||
| 单 册: | ||
| 中图分类: | F713.50 | |
| 科图分类: | ||
| 主题词: | 市场营销学--shi chang ying xiao xue--案例--高等学校--教材 | |
| 电子资源: | ||
| ISBN: | 978-7-5083-6312-7 | |
| 000 | 00977nam0 2200265 450 | |
| 001 | 012008531952 | |
| 005 | 20080413172311.28 | |
| 010 | @a978-7-5083-6312-7@dCNY26.00 | |
| 100 | @a20080413d2008 em y0chiy0120 ea | |
| 101 | 0 | @achi |
| 102 | @aCN@b110000 | |
| 105 | @ay a 000yy | |
| 106 | @ar | |
| 200 | 1 | @a市场营销案例分析@Ashi chang ying xiao an li fen xi@f封展旗, 黄保海主编@Ffeng zhan qi,huang bao hai zhu bian |
| 210 | @a北京@c中国电力出版社@d2008.01 | |
| 215 | @a255页@d26cm | |
| 300 | @a21世纪高等学校规划教材 | |
| 320 | @a有书目 (第255页) | |
| 330 | @a全书共分为11章,主要内容包括产品策略、产品定位策略、市场细分策略、营销渠道策略、价格策略、公关营销、体育营销、文化营销、品牌营销、促销策略和网络营销。 | |
| 606 | 0 | @a市场营销学@Ashi chang ying xiao xue@x案例@x高等学校@j教材 |
| 690 | @aF713.50@v4 | |
| 701 | 0 | @a封展旗@Afeng zhan qi@4主编 |
| 701 | 0 | @a黄保海@Ahuang bao hai@4主编 |
| 801 | 0 | @aCN@bQSSK@c20080413 |
| 905 | @b292029-30@dF713.50@eF422@f3 | |
| 市场营销案例分析/封展旗, 黄保海主编.-北京:中国电力出版社,2008.01 |
| 255页;26cm |
| 21世纪高等学校规划教材 |
| ISBN 978-7-5083-6312-7:CNY26.00 |
| 全书共分为11章,主要内容包括产品策略、产品定位策略、市场细分策略、营销渠道策略、价格策略、公关营销、体育营销、文化营销、品牌营销、促销策略和网络营销。 |
| ● |
| 相关链接 |
|
|
|
正题名:市场营销案例分析
索取号:F713.50/F422
 
预约/预借
| 序号 | 登录号 | 条形码 | 馆藏地/架位号 | 状态 | 备注 |
| 1 | 292029 | 202920296 | 社科库409/409社科库 43排2列5层/ [索取号:F713.50/F422] | 在馆 | |
| 2 | 292030 | 202920303 | 社科库409/409社科库 43排2列5层/ [索取号:F713.50/F422] | 在馆 |